MARC ayrıntıları
| 000 -BAŞLIK |
| Sabit Uzunlukta Kontrol Alanı |
00985nam a22002777a 4500 |
| 999 ## - SİSTEM KONTROL NUMARALARI (KOHA) |
| Koha Biblionumber |
12662 |
| Koha Biblioitemnumber |
12662 |
| 003 - KONTROL NUMARASI IDENTIFIER |
| Denetim Alanı |
MIRAKIL |
| 005 - SON İŞLEM TARİHİ VE ZAMANI |
| Denetim Alanı |
20211214000606.0 |
| 008 - SABİT-BOY VERİ ELEMANLARI - GENEL BİLGİLER |
| Sabit Uzunlukta Kontrol Alanı |
190204b tu ||||| |||| 00| 0 tur d |
| 020 ## - ULUSLARARASI STANDART KİTAP NUMARASI |
| Uluslararası Standart Kitap Numarası |
9789757991571 |
| 040 ## - KATALOGLAMA KAYNAK |
| Orijinal Kataloglama Ajansı |
TR-AnCHP |
| Metne Dönüştürmek Ajansı |
TR-AnCHP |
| 041 ## - DİL KODU |
| Metin / Ses Parça Veya Ayrı Başlığın Dil Kodu |
tur |
| 082 ## - DEWEY ONLU SINIFLANDIRMA NUMARASI |
| Sınıflandırma Numarası |
366.060561 |
| Ürün Numarası |
G94a 2009 |
| 100 1# - ANA GİRİŞ - KİŞİSEL İSİM |
| Kişisel Ad |
Gülen, Ali |
| Bir Adıyla İlişkilendirilen Tarihler |
1965- |
| 245 10 - BAŞLIK TABLOSU |
| Başlık |
AKP'nin feneri böyle söndü : |
| Başlığın Kalan |
sarsıcı belgelerle deniz feneri dosyası / |
| Sorumluluk Tablosu, Vb |
Ali Gülen, Vedat Ali Aydın. |
| 246 ## - UNVAN FORM VARYING |
| Başlık Doğru / Kısa Başlığı |
sarsıcı belgelerle deniz feneri dosyası |
| 260 ## - YAYIN, DAĞITIM, VB |
| Yayın, Dağıtım, Vb Yeri |
İstanbul : |
| Yayıncı, Dağıtıcı, Vs Adı |
Cadde Yayınları, |
| Yayın, Dağıtım, Vb Tarihi |
2009. |
| 300 ## - FİZİKSEL TANIM |
| Kapsam |
400 s. : |
| Diğer Fiziksel Ayrıntıları |
tbl.; |
| Boyutlar |
21 sm. |
| 490 0# - SERİSİ TABLOSU |
| Seri Beyanı |
Cadde Yayınları ; |
| Hacim / Ardışık Tanımı |
46. |
| 610 #0 - KONU KATMA GİRİŞ - TOPLANTI ADI |
| 9 (RLIN) |
5110 |
| Giriş Elemanı Olarak Kurumsal Ad Veya Yargı Alanı Adı |
Deniz Feneri Yardımlaşma ve Dayanışma Derneği |
| 650 #0 - KONU KATMA GİRİŞ - TOPİKAL DÖNEM |
| Topikal Süreli Veya Coğrafi Ad Giriş Elemanı |
Siyaset ve yönetim |
| Genel Alt Bölümü |
Türkiye |
| 9 (RLIN) |
9 |
| 650 #0 - KONU KATMA GİRİŞ - TOPİKAL DÖNEM |
| 9 (RLIN) |
804 |
| Topikal Süreli Veya Coğrafi Ad Giriş Elemanı |
Siyasi partiler |
| Genel Alt Bölümü |
Adalet ve Kalkınma Partisi (AKP) |
| -- |
Eleştiriler |
| 650 #0 - KONU KATMA GİRİŞ - TOPİKAL DÖNEM |
| 9 (RLIN) |
990 |
| Topikal Süreli Veya Coğrafi Ad Giriş Elemanı |
yolsuzluklar |
| 740 ## - KATMA GİRİŞ - KONTROLSUZ İLGİLİ / ANALİTİK BAŞLIK |
| Kontrol Edilmeyen / İlgili Analitik Başlıktaki |
sarsıcı belgelerle deniz feneri dosyası |
| 942 ## - EKLENDİ GİRİŞ ELEMANLARI (KOHA) |
| Sınıflandırma Veya Raf Düzeni Kaynak |
Dewey Decimal Classification |
| Koha Öğesi Türü |
Kitaplar |
| 999 ## - SİSTEM KONTROL NUMARALARI (KOHA) |
| Koha Biblioitemnumber |
12662 |